Cultivars of Brassica oleracea - Statistics

General Stats
  • This quiz has been taken 433 times
  • The average score is 15 of 22
Answer Stats
Answer % Correct
Broccoli
96%
Cauliflower
90%
Cabbage
87%
Cone cabbage
86%
Jersey cabbage
86%
Marrow cabbage
86%
Red cabbage
86%
Savoy cabbage
86%
Wild cabbage
86%
Broccoli di Torbole
82%
Romanesco broccoli
82%
Brussels sprout
73%
Kale
72%
Lacinato kale
71%
Ornamental kale
71%
Perpetual kale
71%
Tronchuda kale
71%
Kohlrabi
27%
Broccolini
22%
Collard greens
17%
Gai lan
10%
Broccoflower
5%
No matching quizzes found
Score Distribution
Percent of People with Each Score
Percentile by Number Answered
Your Score History
You have not taken this quiz